=LDR 00000nam 2200000 4500 =001 INLIS000000000057267 =005 20201214094901 =035 ##$$a 0010-1220000168 =007 ta =008 201214###########################0#ind## =020 ##$$a 978-979-22-825-9 =082 ##$$a 899.221 3 =084 ##$$a 899.221 3 Zen o =245 1#$$a One last chance /$c Stephanie Zen =300 ##$$a 228 halaman ; $c 21 cm =650 #4$$a fiksi Indonesia =264 ##$$a jakarta :$b Gramedia pustaka utama,$c 2012 =336 ##$$a teks$2 rdacontent =337 ##$$a lain-lain$2 rdamedia =338 ##$$a lain-lain$2 rdacarrier =990 ##$$a 08830883